000 00619nam a2200277Ia 4500
005 20260324150907.0
008 008 260324s9999 xx 000 0 eng d
020 _a9781315010397
037 _aEBOOK
040 _aCRL
040 _beng
040 _cCRL
041 _2eng
041 _aeng
084 _qCRL
100 _a Paulhan, F
_91227995
245 4 _aThe Laws Of Feeling
260 _bTaylor and Francis
260 _c1930
365 _a
365 _b450
856 _uhttp://www.taylorfrancis.com/books/9781315010397
942 _cEBOOK
999 _c1838224
_d1838224